000 02049nam0a2200361 4500
001 RU\NLR\BIBL_A\012326790
005 20201001165508.0
010 _a978-5-7629-2436-8
_943
021 _aRU
_bКН-П-20-025730
_9КН-П-20-1991
035 _a(NLR Aleph) 012326790
035 _a(RuMoRGB)010335398
090 _a11450919
_c11450919
100 _a20200904d2018 u y0rusy50 ca
101 0 _arus
102 _aRU
105 _aa|||j|||000zy
181 0 _ai
_baxxe
182 0 _an
200 1 _aОсновы профессионального отбора операторов
_eучебное пособие
_e[для магистантов по направлению 27.04.03 - Системный анализ и управление]
_fН. А. Назаренко
_gМинобрнауки России, Санкт-Петербургский государственный электротехнический университет "ЛЭТИ" им. В. И. Ульянова (Ленина)
203 _aТекст
_bвизуальный
_cнепосредственный
210 _aСанкт-Петербург
_cИзд-во СПбГЭТУ "ЛЭТИ"
_d2018
215 _a63 с.
_cил., табл.
_d21
320 _aБиблиогр.: с. 62-63
606 1 _aОператоры
_jУчебные издания для высших учебных заведений
_xПрофессиональный отбор
_91803066
_3RU\NLR\AUTH\66812535
606 1 _aОператоры
_jУчебные издания для высших учебных заведений
_xПрофессиональная деятельность
_xПсихологические исследования
_92452582
_3RU\NLR\AUTH\6601675653
686 1 _aР124.085-3я73
686 1 _aЮ941.2я73
700 1 _aНазаренко
_bН. А.
_cканд. техн. наук
_gНиколай Александрович
_9198141
_3RU\NLR\AUTH\770198192
942 _cBOOK
980 _aNBR
980 _aNB